| 000 | 00785nam a2200217 i 4500 | ||
|---|---|---|---|
| 001 | 185909 | ||
| 003 | ES-MaACL | ||
| 005 | 20250414191424.0 | ||
| 008 | 160822s1925 sp |||| | spa d | ||
| 100 | 1 |
_aTuffrau, Paul. _9111650 |
|
| 245 | 1 | 3 |
_aLa leyenda de Guillermo de Orange / _cPablo Tuffrau ; traducción de Benjamín Jarnés. |
| 260 |
_aMadrid : _bRevista de Occidente, _c[1925] |
||
| 300 |
_a187 p. ; _c18 cm. |
||
| 490 | 1 |
_aMusas lejanas. Mitos, cuentos, leyendas ; _v4 |
|
| 600 | 1 | 4 |
_aGuillermo _cSanto, Duque de Aquitania- _vLeyendas. _9160532 |
| 650 | 4 |
_aLeyendas- _zFrancia. _9160533 |
|
| 700 | 1 |
_aJarnés, Benjamín, _d1888-1949 _9154398 |
|
| 830 | 1 |
_aMusas lejanas. Mitos, cuentos, leyendas ; _v4 _9192435 |
|
| 852 |
_aES-MaACL _jC-13752 |
||
| 999 |
_c185909 _d185909 |
||